| 000 | 00461nab a2200145Ia 4500 | ||
|---|---|---|---|
| 003 | ES-SlBCS | ||
| 005 | 20210601123721.0 | ||
| 008 | 140529s1978 xxu||||| |||| 00| 0 spa d | ||
| 041 | _aspa | ||
| 110 | 2 |
_aInvestigación y Ciencia _9128039 |
|
| 245 | 0 | 0 |
_aNacimiento traumático _cINVESTIGACIÓN Y CIENCIA |
| 650 | 0 | 4 |
_aAstronomía _915897 |
| 773 | 0 |
_tInvestigacion y Ciencia (Traducción de: Scientific American) _gnº. 19, 1978, págs. 44 _wRev1650 |
|
| 942 | _cAR | ||
| 999 |
_c502400 _d502400 |
||